Maria Martina e Maria Maggina : la bambina della roulotte : romanzo /

Maria Maggina è una bambina così precisa: nel suo zainetto ha sempre tutto quello che serve e arriva ogni giorno puntuale a scuola, oltre a essere la più brava della classe. Nella sua famiglia, però, niente va per il verso giusto. La sua sorellina Juni non fa altro che combinare disastri senza mai e...

全面介紹

Saved in:
書目詳細資料
主要作者: Holt, Anne (Author)
其他作者: Holt, Anne G., Tonzig, Alice (Translator)
格式: 圖書
語言:意大利语
出版: Milano : Salani, 2012
標簽: 添加標簽
沒有標簽, 成為第一個標記此記錄!

MARC

LEADER 00000nam a22000007i 4500
001 IT\ICCU\RAV\1955340
003 ItRI
005 20260115232125.0
008 120215s2012 it |||||| ||||| |||||c
020 |a 9788862567206 
040 |b ita  |c importazione bologna sebina 
041 7 |a ita  |2 ISO-639-2 
082 |a 839.82374  |9 NARRATIVA NORVEGESE. 1945-1999  |2 21 
100 1 |a Holt, Anne  |0 IT\ICCU\MILV\122038  |4 aut 
240 1 0 |a Mai-Britt, Mars-Britt og campingvogna.  |3 IT\ICCU\RAV\1955341  |9 Holt, Anne 
245 1 0 |a Maria Martina e Maria Maggina :  |b la bambina della roulotte : romanzo /  |c Anne Holt & Anne Holt. 
260 |a Milano :  |b Salani,  |c 2012 
300 |a 146 p. :  |b ill. ;  |c 21 cm 
500 |a Traduzione di Alice Tonzig. 
520 |a Maria Maggina è una bambina così precisa: nel suo zainetto ha sempre tutto quello che serve e arriva ogni giorno puntuale a scuola, oltre a essere la più brava della classe. Nella sua famiglia, però, niente va per il verso giusto. La sua sorellina Juni non fa altro che combinare disastri senza mai essere sgridata, la mamma è troppo impegnata a creare nuovi giochi per tenere in ordine la casa e il papà crede di essere ancora molto giovane e in forma... Poi un giorno da una siepe sbuca la nuova vicina Maria Martina, che per ora vive in una roulotte con la madre, ha un alano gigantesco ed è un vero maschiaccio. Nonostante le grandi differenze di carattere, le due bambine si piacciono subito e in breve tempo Maria Maggina ha la sua prima 'migliore amica', anche se questa novità rischia di rivoluzionare la sua vita ordinata. Dalla penna della 'regina scandinava del noir', una serie spumeggiante e ironica, ricca di avventure magiche e straordinarie, nate dalla vera amicizia fra le due singolari e diversissime protagoniste. Età di lettura: da 6 anni. 
700 1 |a Holt, Anne G.  |0 IT\ICCU\RAVV\672983 
700 1 |a Tonzig, Alice  |0 IT\ICCU\UBOV\358694  |4 trl 
942 |2 ddc  |c BK  |n 0 
952 |0 0  |1 0  |4 0  |6 R_839_823000000000000_HOL  |7 0  |9 20447  |a BO  |b BO  |d 2026-01-15  |i 17608  |l 0  |o R 839.823 HOL  |p BO17608  |r 2026-01-15 23:21:25  |w 2026-01-15  |x [Sebina 5] [1 v.]  |y BK  |z 1 v. 
999 |c 17452  |d 17452